000 00574cam a2200229ua 4500
001 49
008 171012n ii |||gr||||Z||||||eng
020 _a978-0-07-05936-5
020 _a0-07-059369-8
040 _cMAIN
041 _aeng
082 _a005
100 _aGottfried, Byron S.,
245 _aProgramming With C.
_cBy Byron S Gottfried.
250 _a2nd.
260 _aNew Delhi.:
_bMcgraw Hill.,
_c2006.
300 _axi, i8 p.:
_bill.;
_c26 cm.
653 _aComputer Science.
653 _aProgramming With C.
700 _aGottfried, Byron S.,
942 _cBK
999 _c41
_d41